LDR 00716naa#a2200205#i#450# 001 EN\\bibl\124927 005 20260605031055.5 011 ## _a1019-8946 100 ## _a20260603b2026####ek#y0engy0150####ca 101 0# _aRUS 102 ## _aRU 200 1# _aFunctional Yogurt with Fructooligosaccharides and Honeysuckle Jam _eJournal article 210 1# _aKemerovo _cKemerovo State University _d2026 215 ## _a6 с. 608 ## _aJournal article _2local 675 ## _aСельское хозяйство. Лесное хозяйство. Охота. Рыбное хозяйство. 63 _zRUS 700 #1 _aNikolaev _gAlexander S. 700 #1 _aYesepenyuk _gKonstantin V. 700 #1 _aZemtsova _gLyudmila Konstantinovna 856 4# _ajsocnet.ru _u